Analytické prístupy k cenovej regulácie monopolu – podpora rozvoja ekonomiky

Pre reguláciu subjektov vybraných odvetví, ktoré predstavujú z hľadiska ich pozície na trhu monopoly resp. prirodzené monopoly, vytvára štát inštitúciu tzv. regulátora, ktorého úlohou je vytvoriť také legislatívne prostredie a regulačné mechanizmy, ktoré zabezpečia trhovú rovnováhu pre sledované ko...

Descrizione completa

Salvato in:
Dettagli Bibliografici
Autore principale: Fendeková, Eleonora, 1952-
Natura: Capitolo di libro
Lingua:slovacco
Soggetti:
Tags: Aggiungi Tag
Nessun Tag, puoi essere il primo ad aggiungerne!!

MARC

LEADER 00000naa$a2200000$$$4500
001 0260821
005 20240502074133.4
041 0 |a slo 
044 |a SK 
245 1 0 |a Analytické prístupy k cenovej regulácie monopolu – podpora rozvoja ekonomiky  |c Eleonora Fendeková 
520 |a Pre reguláciu subjektov vybraných odvetví, ktoré predstavujú z hľadiska ich pozície na trhu monopoly resp. prirodzené monopoly, vytvára štát inštitúciu tzv. regulátora, ktorého úlohou je vytvoriť také legislatívne prostredie a regulačné mechanizmy, ktoré zabezpečia trhovú rovnováhu pre sledované komodity pri garantovovaní primeraného zisku pre regulovaný subjekt. Regulácia na báze miery návratnosti investícií. Regulácia na báze miery návratnosti nákladov. 
610 2 0 |a monopoly 
610 2 0 |a ceny 
610 2 0 |a regulácia cenová 
610 2 0 |a náklady 
610 2 0 |a investície 
610 2 0 |a návratnosť investícií 
610 2 0 |a zisk 
100 1 |a Fendeková, Eleonora, 1952-